000 00444nam a2200145Ia 4500
008 220216s9999 xx 000 0 und d
100 _aWettstein-Knowles P Von
245 0 _aProposal for the extension of the comma comma system to accomodate cDNA clones, genomic clones, and RFLP fragments
260 _bBarley genetics newsletter
_c1991
300 _a79-82
500 _aSource Year: 1994
650 _aRFLP
856 _uPBA
942 _cJS
999 _c66005
_d66005